-
AGARWAL, DR. ANUJA AND SHAH, DR, POOJA
Entry Personal Name
Number of records used in: 1
001 - CONTROL NUMBER
003 - CONTROL NUMBER IDENTIFIER
005 - DATE AND TIME OF LATEST TRANSACTION
- control field:
20251125131945.0
008 - FIXED-LENGTH DATA ELEMENTS
- fixed length control field:
251125|| aca||aabn | a|a d
040 ## - CATALOGING SOURCE
- Original cataloging agency:
JRU
- Transcribing agency:
JRU
100 ## - HEADING--PERSONAL NAME
- Personal name:
AGARWAL, DR. ANUJA AND SHAH, DR, POOJA
670 ## - SOURCE DATA FOUND
- Source citation:
Work cat.: (JRU)9010: AGARWAL, DR. ANUJA AND SHAH, DR, POOJA , TEXT BOOK OF PROCEDURES IN EMERGENCY CARE , 2025